| 000 | 00520nam a22001697a 4500 | ||
|---|---|---|---|
| 003 | 0 | ||
| 005 | 20231211121509.0 | ||
| 008 | 231104b xxu||||| |||| 00| 0 eng d | ||
| 020 | _a971-630-140-5 | ||
| 050 |
_aFil. _bMa11 2001 |
||
| 100 | _aJimenez, Gidget | ||
| 245 |
_aMaya-maya jumbolaya : the big bad bully bird _cGidget R. Jimenez |
||
| 260 |
_aManila _bTahanan Books for Young Readers _cc2001. |
||
| 300 |
_a25 pages : _bcolored illustrations ; _c21 cm. |
||
| 650 | _aChildren's literature. | ||
| 942 |
_2lcc _cFILP |
||
| 999 |
_c365561 _d365561 |
||